Cointegration Between the European Union and the Selected Global Markets Following Sovereign Debt Crisis

Analýza kointegrácie medzi Európou a ďalšími významnými obchodnými partnermi, a to USA, Čínou, Japonskom, Austráliou za obdobie od 1. januára 2010 do 30. decembra 2016. Dané obdobie zachycuje vplyv suverénnej európskej dlhovej krízy a krízu v Grécku. Použité parametrické techniky vrátane Johansenove...

Descrizione completa

Salvato in:
Dettagli Bibliografici
Autore principale: Golab, Anna
Altri autori: Jie, Ferry, Powell, Robert, Zamojska, Anna
Natura: Capitolo di libro
Lingua:inglese
Soggetti:
Tags: Aggiungi Tag
Nessun Tag, puoi essere il primo ad aggiungerne!!

MARC

LEADER 00000nla a2200000 4500
001 0242630
005 20220803161840.8
041 0 |a eng 
044 |a UA 
245 1 0 |a Cointegration Between the European Union and the Selected Global Markets Following Sovereign Debt Crisis  |c Anna Golab, Ferry Jie, Robert Powell, Anna Zamojska 
520 |a Analýza kointegrácie medzi Európou a ďalšími významnými obchodnými partnermi, a to USA, Čínou, Japonskom, Austráliou za obdobie od 1. januára 2010 do 30. decembra 2016. Dané obdobie zachycuje vplyv suverénnej európskej dlhovej krízy a krízu v Grécku. Použité parametrické techniky vrátane Johansenovej kointegračnej analýzy, model korekčnej vektorovej chyby a kauzality Grangerovej. 
610 2 0 |a spolupráca medzinárodná 
610 2 0 |a spolupráca hospodárska medzinárodná 
610 2 0 |a kríza finančná 
610 2 0 |a kríza hospodárska 
610 2 0 |a trh medzinárodný 
610 2 0 |a dlhy štátne 
610 2 0 |a dlhy verejné 
610 2 0 |a Európska únia 
100 1 |a Golab, Anna 
700 1 |a Jie, Ferry 
700 1 |a Powell, Robert 
700 1 |a Zamojska, Anna